| 000 | 00469nam a2200145Ia 4500 | ||
|---|---|---|---|
| 008 | 190925s9999 xx 000 0 und d | ||
| 020 | _a978-1-4425-0266-6 | ||
| 100 | _aDwyer, Judith | ||
| 245 |
_cJudith Dwyer.-- _aThe Business Communication Handbook / |
||
| 250 | _a8th ed. | ||
| 260 |
_aAustralia : _bPearson Education Australia _c2009 |
||
| 300 |
_a598 pages : _bblack & white graphs |
||
| 500 | _aIncludes glossary and index. | ||
| 650 | _aBusiness communication. | ||
| 999 |
_c362218 _d362218 |
||